The Earl and his butler in Constantinople : (Record no. 15194)
[ view plain ]
| 000 -LEADER | |
|---|---|
| fixed length control field | 01391cam a2200385 a 4500 |
| 001 - CONTROL NUMBER | |
| control field | 16623585 |
| 005 - DATE AND TIME OF LATEST TRANSACTION | |
| control field | 20170105102912.0 |
| 008 - FIXED-LENGTH DATA ELEMENTS--GENERAL INFORMATION | |
| fixed length control field | 110125r20092006enka b 001 0ceng |
| 010 ## - LIBRARY OF CONGRESS CONTROL NUMBER | |
| LC control number | 2010549869 |
| 020 ## - INTERNATIONAL STANDARD BOOK NUMBER | |
| International Standard Book Number | 9781845117825 (pbk.) |
| 020 ## - INTERNATIONAL STANDARD BOOK NUMBER | |
| International Standard Book Number | 1845117824 (pbk.) |
| 040 ## - CATALOGING SOURCE | |
| Original cataloging agency | DLC |
| Transcribing agency | DLC |
| 042 ## - AUTHENTICATION CODE | |
| Authentication code | pcc |
| 043 ## - GEOGRAPHIC AREA CODE | |
| Geographic area code | e-uk-st |
| -- | a-tu--- |
| 050 00 - LIBRARY OF CONGRESS CALL NUMBER | |
| Classification number | DA501.K56 |
| Item number | E37 2009 |
| 082 04 - DEWEY DECIMAL CLASSIFICATION NUMBER | |
| Classification number | 327.2092 |
| Edition number | 22 |
| 100 1# - MAIN ENTRY--PERSONAL NAME | |
| Personal name | Webb, Nigel. |
| 245 14 - TITLE STATEMENT | |
| Title | The Earl and his butler in Constantinople : |
| Remainder of title | the secret diary of an English servant among the Ottomans / |
| Statement of responsibility, etc. | Nigel and Caroline Webb. |
| 250 ## - EDITION STATEMENT | |
| Edition statement | New ed. |
| 260 ## - PUBLICATION, DISTRIBUTION, ETC. | |
| Place of publication, distribution, etc. | London : |
| Name of publisher, distributor, etc. | I. B. Tauris, |
| Date of publication, distribution, etc. | 2009. |
| 300 ## - PHYSICAL DESCRIPTION | |
| Extent | xiv, 257 p., |
| Other physical details | ill. (some col.) ; |
| Dimensions | 24 cm. |
| 500 ## - GENERAL NOTE | |
| General note | Originally published: Oakham: Legini, 2006. |
| 504 ## - BIBLIOGRAPHY, ETC. NOTE | |
| Bibliography, etc. note | Contains bibliography (p. 237-245) and index. |
| 600 10 - SUBJECT ADDED ENTRY--PERSONAL NAME | |
| Personal name | Kinnoul, George Hay, |
| Titles and other words associated with a name | Earl of, |
| Dates associated with a name | 1689-1758. |
| 600 10 - SUBJECT ADDED ENTRY--PERSONAL NAME | |
| Personal name | Medley, Samuel, |
| Dates associated with a name | approximately 1667- |
| Form subdivision | Diaries. |
| 650 #0 - SUBJECT ADDED ENTRY--TOPICAL TERM | |
| Topical term or geographic name entry element | Aristocracy (Social class) |
| Geographic subdivision | Scotland |
| Form subdivision | Biography. |
| 650 #0 - SUBJECT ADDED ENTRY--TOPICAL TERM | |
| Topical term or geographic name entry element | Ambassadors |
| Geographic subdivision | Great Britain |
| Form subdivision | Biography. |
| 650 #0 - SUBJECT ADDED ENTRY--TOPICAL TERM | |
| Topical term or geographic name entry element | Ambassadors |
| Geographic subdivision | Turkey |
| Form subdivision | Biography. |
| 650 #0 - SUBJECT ADDED ENTRY--TOPICAL TERM | |
| Topical term or geographic name entry element | Butlers |
| Form subdivision | Biography. |
| 651 #0 - SUBJECT ADDED ENTRY--GEOGRAPHIC NAME | |
| Geographic name | Turkey |
| General subdivision | History |
| Chronological subdivision | Mahmud I, 1730-1754. |
| 700 1# - ADDED ENTRY--PERSONAL NAME | |
| Personal name | Webb, Caroline. |
| 906 ## - LOCAL DATA ELEMENT F, LDF (RLIN) | |
| a | 7 |
| b | cbc |
| c | orignew |
| d | 2 |
| e | ncip |
| f | 20 |
| g | y-gencatlg |
| 942 ## - ADDED ENTRY ELEMENTS (KOHA) | |
| Source of classification or shelving scheme | |
| Koha item type | Book |
| Withdrawn status | Lost status | Damaged status | Not for loan | Collection code | Permanent Location | Current Location | Shelving location | Date acquired | Total Checkouts | Full call number | Barcode | Date last seen | Price effective from | Koha item type |
|---|---|---|---|---|---|---|---|---|---|---|---|---|---|---|
| Centre for International Peace & Stability (CIPS) | Centre for International Peace & Stability (CIPS) | General Stacks | 09/27/2013 | 327.2092 WEB 2009 | CIPS0001538 | 11/08/2013 | 11/08/2013 | Book |
